Colná hodnota v medzinárodnom obchode a colná politika v ČSSR záverečná práca postgraduálneho štúdia

Gespeichert in:
Bibliographische Detailangaben
1. Verfasser: Stano, Dušan
Körperschaft: Vysoká škola ekonomická v Bratislave
Weitere Verfasser: Raček, Pavol
Format: Buch
Sprache:Slowakisch
Veröffentlicht: Bratislava 1990
Tags: Tag hinzufügen
Keine Tags, Fügen Sie das erste Tag hinzu!

MARC

LEADER 00000nam a2200000 4500
001 c022121
005 20221215070347.1
041 0 |a slo 
044 |a SK 
245 1 0 |a Colná hodnota v medzinárodnom obchode a colná politika v ČSSR  |b záverečná práca postgraduálneho štúdia  |c Dušan Stano ; Ved. práce Pavol Raček 
264 1 |a Bratislava  |c 1990 
300 |a 53 s. 
100 1 |a Stano, Dušan 
700 1 |a Raček, Pavol 
710 2 |a Vysoká škola ekonomická v Bratislave